00709nam a2200229 a 4500001001300000003000900013005001700022008004100039020002300080082001700103100002100120245005400141260003900195300000900234500003500243505002300278650001400301902000800315942000700323952013200330999001700462nice12345678IN_TiNIC20260116015037.0050524s1990 dela grp 000 0 eng  a8120862 c15000a709.054bZIM aZimmer, Heinrich aMyths and Symbols in Indian Art and Civilization. aDelhi bMotilal Banarsidass c1990 a248p aincludes index and biblioraphy2 aIndexes and Plates aArt-Hindu bSRS cBK 001040708StackRoom-aHMIbHMId2007-06-12g150.00l1o709.054 ZIMp11001150r2017-08-31s2017-08-21v150.00w2005-05-24yBK c18076d18076